000 00878nam a22002897a 4500
001 BR0400869
003 BR-BrBNA
005 20230928101506.0
007 ta
008 230509b bl.||||| |||| 00| 0 por d
040 _aBR-BrBNA
_bpor
_cBiblioteca Nacional de Agricultura
041 _a(Por)
072 _aK10; U10
090 _ K10 BR0400869
100 1 _aNobre, S.R.
110 1 _aUniversidade Federal de Lavras, MG (Brasil)
_0Tese (Mestrado)
245 1 _aA heurística da razão-R aplicada a problemas de gestão florestal
260 3 _aLavras, MG (Brasil):
_c1999.
300 _a129 p.
500 _aSummaries (Eng, Por); Bibliography p. 92-98; 23 illus.; 18 tables
650 _aPRODUÇÃO FLORESTAL
650 _aPLANEJAMENTO FLORESTAL
650 _aINFORMÁTICA
650 _aMODELO MATEMÁTICO
909 _a202309
_bLucia
_c55
_dLucia Elande
942 _cBK
999 _c66099
_d66099